[Event "Wch Juvenil 2010 sub10"]
[Site "Porto Carras GRE"]
[Date "2010.10.24"]
[Round "5.8"]
[White "Trjapishko, Alexandr"]
[Black "Grahesh, Y."]
[Result "0-1"]
[WhiteElo "1931"]
[BlackElo "1795"]
[PlyCount "102"]
[EventDate "2010.10.20"]
[EventType "swiss"]
[EventRounds "11"]
[EventCountry "GRE"]
[Source "lmi"]
[SourceDate "2010.10.20"]

1. d4 c5 2. d5 d6 3. e4 g6 4. c4 e5 5. dxe6 fxe6 6. f4 Bg7 7. Nf3 Nc6 8. Nc3
Nd4 9. Be3 Qb6 10. Qd2 Ne7 11. O-O-O e5 12. fxe5 dxe5 13. Bg5 Be6 14. Bxe7 Kxe7
15. Qg5+ Bf6 16. Qg3 Nxf3 17. Qxf3 Rad8 18. Nd5+ Bxd5 19. exd5 Kf7 20. Qe4 Rd6
21. Bd3 Qb4 22. Rhf1 Re8 23. Rf2 a5 24. Rdf1 Kg7 25. g4 a4 26. a3 Qa5 27. Kb1
Rb6 28. Ka2 Rd6 29. h3 Qb6 30. Bc2 Qa6 31. Rf3 Re7 32. Rg1 Bg5 33. Rgf1 Bf6 34.
R3f2 Qa5 35. Rh1 Bh4 36. Rg2 Rf6 37. Bd3 Rf4 38. Qe3 Qc7 39. Be4 Ref7 40. Rd1
Bf2 41. Qd3 Bd4 42. Rgd2 Qb6 43. Kb1 Qa5 44. Ka2 Qa6 45. Kb1 R7f6 46. Ka2 Rb6
47. Rb1 Rb3 48. Qe2 Rxe4 49. Qxe4 Qxc4 50. Rxd4 Rxa3+ 51. Kxa3 Qb3# 0-1

[Event "Wch Juvenil 2010 sub10"]
[Site "Porto Carras GRE"]
[Date "2010.10.24"]
[Round "5.9"]
[White "Carnicelli, Valerio"]
[Black "Trubchaninov, Timur"]
[Result "1-0"]
[WhiteElo "1880"]
[BlackElo "1757"]
[PlyCount "67"]
[EventDate "2010.10.20"]
[EventType "swiss"]
[EventRounds "11"]
[EventCountry "GRE"]
[Source "lmi"]
[SourceDate "2010.10.20"]

1. e4 c5 2. Nf3 d6 3. d4 cxd4 4. Nxd4 Nf6 5. Nc3 g6 6. f3 Nc6 7. Be3 Bg7 8. Bc4
O-O 9. Qd2 Bd7 10. O-O-O Rc8 11. Bb3 Ne5 12. h4 Nc4 13. Bxc4 Rxc4 14. h5 Nxh5
15. g4 Nf6 16. Nde2 Qa5 17. Bh6 Rfc8 18. Bxg7 Kxg7 19. Qh6+ Kh8 20. Rd5 Qd8 21.
g5 Nh5 22. Nf4 Qg8 23. Nxh5 gxh5 24. Qxh5 b5 25. Rd2 b4 26. Nd5 Qg7 27. Rdh2
Re8 28. Qxh7+ Qxh7 29. Rxh7+ Kg8 30. g6 fxg6 31. Rh8+ Kf7 32. R1h7+ Ke6 33.
Rxe8 Bxe8 34. Rxe7# 1-0

[Event "Wch Juvenil 2010 sub10"]
[Site "Porto Carras GRE"]
[Date "2010.10.24"]
[Round "5.10"]
[White "Maltsev, Leonid"]
[Black "Grela, Kacper"]
[Result "1/2-1/2"]
[WhiteElo "1869"]
[BlackElo "1698"]
[PlyCount "75"]
[EventDate "2010.10.20"]
[EventType "swiss"]
[EventRounds "11"]
[EventCountry "GRE"]
[Source "lmi"]
[SourceDate "2010.10.20"]

1. e4 c5 2. c3 Nf6 3. e5 Nd5 4. d4 cxd4 5. Nf3 Nc6 6. cxd4 d6 7. Bc4 e6 8. O-O
Be7 9. Qe2 O-O 10. Qe4 Qc7 11. a3 Na5 12. Ba2 b5 13. Qd3 a6 14. Nbd2 Bb7 15.
Ne4 dxe5 16. dxe5 Rfd8 17. Neg5 g6 18. Qe2 Rac8 19. Bd2 Nc6 20. Rac1 Kg7 21.
Rfe1 Qd7 22. Nh3 b4 23. a4 a5 24. Bg5 Bxg5 25. Nfxg5 Nd4 26. Qg4 Rxc1 27. Rxc1
Rc8 28. Rd1 Nf5 29. Nf4 h5 30. Nxh5+ gxh5 31. Nxe6+ Kh8 32. Qxh5+ Kg8 33. Qg5+
Kh8 34. Rd3 Nf4 35. Qf6+ Kg8 36. Qg5+ Kh8 37. Qf6+ Kg8 38. Qg5+ 1/2-1/2

[Event "Wch Juvenil 2010 sub10"]
[Site "Porto Carras GRE"]
[Date "2010.10.24"]
[Round "6.1"]
[White "Puranik, Abhimanyu"]
[Black "Lagunow, Raphael"]
[Result "1-0"]
[WhiteElo "1790"]
[BlackElo "1623"]
[PlyCount "97"]
[EventDate "2010.10.20"]
[EventType "swiss"]
[EventRounds "11"]
[EventCountry "GRE"]
[Source "lmi"]
[SourceDate "2010.10.20"]

1. e4 c5 2. Nf3 Nc6 3. d4 cxd4 4. Nxd4 g6 5. Nc3 Bg7 6. Nxc6 bxc6 7. Bc4 Qc7 8.
Qf3 Nf6 9. Bf4 d6 10. h3 O-O 11. O-O-O Rb8 12. g4 Bd7 13. Qe3 Rb4 14. Bb3 e5
15. Bg5 Be6 16. f3 Rfb8 17. h4 Bxb3 18. axb3 Ne8 19. Bh6 Qb6 20. Rd2 a5 21.
Qxb6 R8xb6 22. Be3 Rb8 23. h5 Rd8 24. hxg6 hxg6 25. Kb1 Rbb8 26. Rhd1 Kf8 27.
Na4 Ke7 28. Bb6 Rd7 29. Bxa5 Bh6 30. Rd3 Ng7 31. b4 Ne8 32. Nb6 Rdb7 33. Nc4 c5
34. Nxd6 Nxd6 35. Rxd6 cxb4 36. Bd8+ Ke8 37. Bf6 Re7 38. Bxe7 Kxe7 39. Rd7+ Ke8
40. Rc7 Rd8 41. Rxd8+ Kxd8 42. Rxf7 Bf4 43. Rxf4 exf4 44. Ka2 Kd7 45. Kb3 Kd6
46. Kxb4 Ke5 47. Kc5 Kf6 48. Kd6 Kg5 49. Ke5 1-0

[Event "Wch Juvenil 2010 sub10"]
[Site "Porto Carras GRE"]
[Date "2010.10.24"]
[Round "6.5"]
[White "Petrov, Martin"]
[Black "Ghanbarzadeh, Reza"]
[Result "1-0"]
[WhiteElo "1858"]
[BlackElo "1804"]
[PlyCount "53"]
[EventDate "2010.10.20"]
[EventType "swiss"]
[EventRounds "11"]
[EventCountry "GRE"]
[Source "lmi"]
[SourceDate "2010.10.20"]

1. e4 c5 2. Nf3 Nc6 3. d4 cxd4 4. Nxd4 g6 5. Nc3 Bg7 6. Be3 Nf6 7. Bc4 O-O 8.
Bb3 d6 9. f3 Nd7 10. Qd2 Nb6 11. O-O-O Na5 12. Qe2 Nxb3+ 13. axb3 a5 14. Na4
Nxa4 15. bxa4 Bd7 16. Nb5 Ra6 17. h4 Qb8 18. h5 Rc8 19. hxg6 hxg6 20. g4 f6 21.
Bh6 Bxh6+ 22. Rxh6 Kg7 23. Rdh1 Bxb5 24. Rh7+ Kf8 25. Qxb5 Rac6 26. Rh8+ Kf7
27. Qd5+ 1-0

[Event "Wch Juvenil 2010 sub10"]
[Site "Porto Carras GRE"]
[Date "2010.10.24"]
[Round "6.6"]
[White "Panchanatham, Vignesh"]
[Black "Omidi, Arya"]
[Result "1/2-1/2"]
[WhiteElo "1803"]
[BlackElo "1847"]
[PlyCount "82"]
[EventDate "2010.10.20"]
[EventType "swiss"]
[EventRounds "11"]
[EventCountry "GRE"]
[Source "lmi"]
[SourceDate "2010.10.20"]

1. e4 c5 2. Nc3 Nc6 3. Bb5 e6 4. Bxc6 bxc6 5. f4 Be7 6. Nf3 Ba6 7. d3 Nf6 8.
O-O d5 9. Qe1 dxe4 10. Nxe4 Nxe4 11. Qxe4 Qd5 12. Rd1 O-O 13. Ne5 Rfd8 14. Be3
Bb7 15. c4 Qd6 16. b3 f6 17. Nf3 Qd7 18. d4 cxd4 19. Nxd4 e5 20. Nf5 Qe6 21.
fxe5 fxe5 22. Qg4 Qf6 23. Nh6+ Kh8 24. Rf1 Bc8 25. Rxf6 Bxg4 26. Nf7+ Kg8 27.
Rff1 Rd3 28. Nxe5 Rxe3 29. Nxg4 Re4 30. Rae1 Bc5+ 31. Nf2 Rae8 32. Rxe4 Rxe4
33. b4 Bxf2+ 34. Rxf2 Rxc4 35. Rd2 Rxb4 36. Rd8+ Kf7 37. Rd7+ Kf6 38. Rxa7 Rb1+
39. Kf2 Ra1 40. Ra6 Kf7 41. Rxc6 Rxa2+ 1/2-1/2

[Event "Wch Juvenil 2010 sub10"]
[Site "Porto Carras GRE"]
[Date "2010.10.24"]
[Round "6.7"]
[White "He, Tommy O"]
[Black "Tabatabaei, M Amin"]
[Result "1-0"]
[WhiteElo "1830"]
[BlackElo "1793"]
[PlyCount "71"]
[EventDate "2010.10.20"]
[EventType "swiss"]
[EventRounds "11"]
[EventCountry "GRE"]
[Source "lmi"]
[SourceDate "2010.10.20"]

1. e4 c6 2. d4 d5 3. Nc3 dxe4 4. Nxe4 Bf5 5. Ng3 Bg6 6. h4 h6 7. Nf3 Nd7 8. h5
Bh7 9. Bd3 Bxd3 10. Qxd3 e6 11. Bf4 Qa5+ 12. Bd2 Qc7 13. c4 Ngf6 14. O-O-O
O-O-O 15. Qc2 Bd6 16. Ne2 c5 17. Kb1 a6 18. Bc3 cxd4 19. Nexd4 Nc5 20. Bb4 Nce4
21. c5 Be7 22. Nb3 Rxd1+ 23. Rxd1 Rd8 24. Re1 Qf4 25. Ba5 Rd5 26. c6 b5 27. c7
Nc5 28. Nfd4 Nxb3 29. Nc6 Bc5 30. Bb6 Nd2+ 31. Ka1 Kb7 32. Ne7 Bxe7 33. c8=Q+
Kxb6 34. Q2c6+ Ka5 35. Q8xa6+ Kb4 36. Qa3# 1-0

[Event "Wch Juvenil 2010 sub10"]
[Site "Porto Carras GRE"]
[Date "2010.10.24"]
[Round "6.8"]
[White "Djordjevic, Vuk"]
[Black "Drozdowski, Konrad"]
[Result "1-0"]
[WhiteElo "1826"]
[BlackElo "1769"]
[PlyCount "95"]
[EventDate "2010.10.20"]
[EventType "swiss"]
[EventRounds "11"]
[EventCountry "GRE"]
[Source "lmi"]
[SourceDate "2010.10.20"]

1. d4 d5 2. Nf3 Nf6 3. Bf4 c5 4. c3 Qb6 5. Qb3 c4 6. Qc2 g6 7. Nbd2 Bf5 8. Qc1
Nh5 9. Bg3 Nxg3 10. hxg3 Nd7 11. e3 Bg7 12. Be2 e5 13. dxe5 Nc5 14. O-O Bd3 15.
Bxd3 Nxd3 16. Qc2 Bxe5 17. Nxe5 Nxe5 18. Nf3 Nxf3+ 19. gxf3 O-O 20. Rad1 Qf6
21. Kg2 Rad8 22. Rd4 Qa6 23. a3 Rd6 24. Rfd1 Rfd8 25. R1d2 f5 26. Qd1 Qc6 27.
e4 fxe4 28. fxe4 Qe8 29. exd5 Qb5 30. Qe2 Qd7 31. Qxc4 Qf5 32. Qd3 Qf7 33. c4
Rf6 34. Re4 Rf8 35. Qe2 Qc7 36. b4 a5 37. c5 Rxf2+ 38. Qxf2 Rxf2+ 39. Rxf2 axb4
40. axb4 Qd7 41. Rd2 Qf5 42. Red4 Qd7 43. d6 Qc6+ 44. Kh2 Qd7 45. b5 Kf7 46. c6
bxc6 47. bxc6 Qd8 48. d7 1-0

[Event "Wch Juvenil 2010 sub10"]
[Site "Porto Carras GRE"]
[Date "2010.10.24"]
[Round "6.9"]
[White "Grahesh, Y."]
[Black "Tran, Minh Thang"]
[Result "1/2-1/2"]
[WhiteElo "1795"]
[BlackElo "2018"]
[PlyCount "70"]
[EventDate "2010.10.20"]
[EventType "swiss"]
[EventRounds "11"]
[EventCountry "GRE"]
[Source "lmi"]
[SourceDate "2010.10.20"]

1. c4 e6 2. Nc3 d5 3. cxd5 exd5 4. d4 Nf6 5. Nf3 c6 6. Bf4 Bd6 7. Bxd6 Qxd6 8.
e3 Bg4 9. h3 Bxf3 10. Qxf3 Nbd7 11. Bd3 a6 12. O-O O-O 13. Rab1 Rfe8 14. b4 Nf8
15. a4 Ne6 16. Ne2 Ng5 17. Qg3 Nge4 18. Bxe4 Nxe4 19. Qxd6 Nxd6 20. Rfc1 g5 21.
Nc3 Nc4 22. b5 axb5 23. axb5 Ra3 24. bxc6 bxc6 25. Rb7 Na5 26. Ra7 Rb8 27. Ne2
Rb2 28. Ng3 Raa2 29. Nf5 f6 30. Rf1 Kf8 31. Rxh7 Nc4 32. Ng3 Nxe3 33. Re1 Nxg2
34. Ree7 Nh4 35. Rhf7+ Kg8 1/2-1/2

[Event "Wch Juvenil 2010 sub10"]
[Site "Porto Carras GRE"]
[Date "2010.10.24"]
[Round "6.10"]
[White "Lopez Mulet, Inigo"]
[Black "Gholami, Aryan"]
[Result "1/2-1/2"]
[WhiteElo "1779"]
[BlackElo "1902"]
[PlyCount "72"]
[EventDate "2010.10.20"]
[EventType "swiss"]
[EventRounds "11"]
[EventCountry "GRE"]
[Source "lmi"]
[SourceDate "2010.10.20"]

1. d4 d5 2. c4 e6 3. Nf3 Nf6 4. g3 dxc4 5. Bg2 a6 6. Ne5 c5 7. dxc5 Qxd1+ 8.
Kxd1 Bxc5 9. e3 Ke7 10. Nxc4 Nc6 11. Bxc6 bxc6 12. Nc3 Bb7 13. Bd2 Rad8 14. Kc2
Ba7 15. f3 Nd5 16. a3 c5 17. e4 Nc7 18. a4 Rd4 19. b3 Rc8 20. Be3 Rdd8 21. Rad1
Ne8 22. Bf4 f6 23. g4 e5 24. Be3 Nc7 25. g5 Ne6 26. gxf6+ Kxf6 27. Rhg1 Nd4+
28. Kb2 h6 29. f4 exf4 30. Bxf4 g5 31. Bg3 Bb8 32. Nb6 Rc6 33. Nbd5+ Kg7 34.
Ne7 Rf6 35. Nf5+ Kg6 36. Bxb8 Rxb8 1/2-1/2

[Event "Wch Juvenil 2010 sub10"]
[Site "Porto Carras GRE"]
[Date "2010.10.26"]
[Round "7.2"]
[White "Petrov, Martin"]
[Black "Puranik, Abhimanyu"]
[Result "1/2-1/2"]
[WhiteElo "1858"]
[BlackElo "1790"]
[PlyCount "78"]
[EventDate "2010.10.20"]
[EventType "swiss"]
[EventRounds "11"]
[EventCountry "GRE"]
[Source "lmi"]
[SourceDate "2010.10.20"]

1. e4 e6 2. d4 d5 3. Nd2 Nf6 4. e5 Nfd7 5. Bd3 c5 6. c3 Nc6 7. Ne2 cxd4 8. cxd4
f6 9. exf6 Nxf6 10. O-O Bd6 11. Nf3 Qc7 12. g3 O-O 13. Bf4 Ng4 14. Qd2 e5 15.
dxe5 Ngxe5 16. Nxe5 Nxe5 17. Bxe5 Bxe5 18. f4 Qb6+ 19. Kh1 Bh3 20. Rf3 Qxb2 21.
Qxb2 Bxb2 22. Rb1 Bf6 23. Rxb7 Rfb8 24. Ba6 Re8 25. Bb5 Bg4 26. Rf2 Re3 27. Kg2
a6 28. h3 axb5 29. hxg4 Rxa2 30. Nc1 Rxf2+ 31. Kxf2 Rc3 32. Ne2 Rb3 33. Rd7 b4
34. Rxd5 Rb1 35. g5 Be7 36. Ke3 b3 37. Rb5 b2 38. Nc3 Rg1 39. Rxb2 Rxg3+
1/2-1/2

[Event "Wch Juvenil 2010 sub10"]
[Site "Porto Carras GRE"]
[Date "2010.10.26"]
[Round "7.4"]
[White "Lagunow, Raphael"]
[Black "Gupta, Bhaskar"]
[Result "1/2-1/2"]
[WhiteElo "1623"]
[BlackElo "1742"]
[PlyCount "94"]
[EventDate "2010.10.20"]
[EventType "swiss"]
[EventRounds "11"]
[EventCountry "GRE"]
[Source "lmi"]
[SourceDate "2010.10.20"]

1. e4 e6 2. b3 d5 3. Bb2 dxe4 4. Nc3 Bd7 5. Nxe4 Bc6 6. Qe2 Nd7 7. O-O-O Ngf6
8. Nxf6+ Nxf6 9. Nf3 Bd6 10. d4 Qe7 11. Ne5 Bxe5 12. dxe5 Nd7 13. Qg4 O-O-O 14.
Be2 h5 15. Qg3 g5 16. f3 Rhg8 17. Qf2 b6 18. Rhe1 Kb8 19. g3 Nc5 20. Bc4 a5 21.
Rg1 g4 22. Be2 Qg5+ 23. Kb1 Qg6 24. Rgf1 Rxd1+ 25. Rxd1 gxf3 26. Bxf3 Ne4 27.
Qe2 Kb7 28. Bxh5 Qf5 29. Ka1 Rh8 30. g4 Qh7 31. Rf1 Be8 32. Rf4 Nc5 33. a3 Rf8
34. g5 Qg7 35. h4 Kb8 36. Qf2 Qh7 37. Be2 Qxc2 38. Bc4 Nxb3+ 39. Bxb3 Qxb3 40.
g6 Bc6 41. Qd2 Bd5 42. Bc1 Kc8 43. g7 Rg8 44. Rxf7 Kb7 45. h5 Be4 46. Qb2 Qxb2+
47. Kxb2 Kc6 1/2-1/2

[Event "Wch Juvenil 2010 sub10"]
[Site "Porto Carras GRE"]
[Date "2010.10.26"]
[Round "7.5"]
[White "Nigmatov, Ortik"]
[Black "Djordjevic, Vuk"]
[Result "1/2-1/2"]
[WhiteElo "1890"]
[BlackElo "1826"]
[PlyCount "105"]
[EventDate "2010.10.20"]
[EventType "swiss"]
[EventRounds "11"]
[EventCountry "GRE"]
[Source "lmi"]
[SourceDate "2010.10.20"]

1. e4 d5 2. exd5 Nf6 3. d4 Nxd5 4. Nf3 g6 5. Be2 Bg7 6. O-O O-O 7. c4 Nb6 8.
Be3 Bf5 9. Nbd2 Nc6 10. Nb3 Nb4 11. Ne1 a5 12. a3 Nc6 13. Nf3 Bg4 14. d5 Bxf3
15. Bxf3 Ne5 16. Bxb6 cxb6 17. Be2 Rc8 18. Rc1 Nd7 19. Rc2 Nf6 20. Nd4 Qc7 21.
Nb5 Qc5 22. Bd3 Nd7 23. Qe2 Ra8 24. b4 axb4 25. axb4 Qc8 26. f4 Qb8 27. Qe3 Qd8
28. Rd1 Nf6 29. Be2 Ne8 30. c5 Ra1 31. Rcd2 Rxd1+ 32. Rxd1 bxc5 33. bxc5 Nc7
34. d6 Nxb5 35. Bxb5 exd6 36. cxd6 Bf6 37. d7 Qa5 38. Qd3 Qb4 39. Bc4 Kg7 40.
Kh1 Qc5 41. h3 h5 42. Re1 Rd8 43. Bb5 Qb4 44. Re4 Qc5 45. Kh2 Qf5 46. g3 Qc5
47. Kg2 Ra8 48. Bc4 Rd8 49. Bb5 Ra8 50. Bc4 Rd8 51. g4 hxg4 52. hxg4 Bh4 53.
Qc3+ 1/2-1/2

[Event "Wch Juvenil 2010 sub10"]
[Site "Porto Carras GRE"]
[Date "2010.10.26"]
[Round "7.6"]
[White "Xiong, Jeffrey"]
[Black "Haring, Viktor"]
[Result "1-0"]
[WhiteElo "1824"]
[BlackElo "1893"]
[PlyCount "101"]
[EventDate "2010.10.20"]
[EventType "swiss"]
[EventRounds "11"]
[EventCountry "GRE"]
[Source "lmi"]
[SourceDate "2010.10.20"]

1. e4 e5 2. Nf3 Nc6 3. Bb5 a6 4. Ba4 Nf6 5. O-O Be7 6. d3 b5 7. Bb3 d6 8. a4 b4
9. Nbd2 O-O 10. Re1 Be6 11. Bxe6 fxe6 12. c3 bxc3 13. bxc3 Rb8 14. d4 Nd7 15.
Nc4 exd4 16. cxd4 d5 17. exd5 exd5 18. Qe2 Kh8 19. Ne3 Nb4 20. Ba3 c6 21. Rab1
Bd6 22. Rec1 Qa5 23. Bxb4 Rxb4 24. Rxb4 Bxb4 25. Rxc6 Nb8 26. Re6 Qxa4 27. g3
Qd7 28. Re5 a5 29. Ng5 h6 30. Ne6 Re8 31. Nf4 Rxe5 32. dxe5 d4 33. Ned5 Qe8 34.
e6 Bd6 35. e7 Bxf4 36. Nxf4 Nc6 37. Qe6 Nxe7 38. Qxe7 Qxe7 39. Ng6+ Kg8 40.
Nxe7+ Kf7 41. Nc6 a4 42. Nxd4 a3 43. Kf1 a2 44. Nb3 Ke6 45. Ke2 g5 46. f4 Kf5
47. Kf3 h5 48. h3 Ke6 49. fxg5 Kd5 50. g6 Ke6 51. Kf4 1-0

[Event "Wch Juvenil 2010 sub10"]
[Site "Porto Carras GRE"]
[Date "2010.10.26"]
[Round "7.7"]
[White "Omidi, Arya"]
[Black "Grahesh, Y."]
[Result "1/2-1/2"]
[WhiteElo "1847"]
[BlackElo "1795"]
[PlyCount "94"]
[EventDate "2010.10.20"]
[EventType "swiss"]
[EventRounds "11"]
[EventCountry "GRE"]
[Source "lmi"]
[SourceDate "2010.10.20"]

1. e4 c5 2. c3 Nf6 3. e5 Nd5 4. d4 cxd4 5. cxd4 e6 6. Nf3 b6 7. Bd3 Bb4+ 8. Bd2
Bxd2+ 9. Qxd2 Bb7 10. Nc3 Nxc3 11. bxc3 d5 12. O-O Nc6 13. Ne1 Qe7 14. Bb5 a6
15. Bd3 Na5 16. Rb1 b5 17. f4 g6 18. Nc2 Nc4 19. Qe2 Bc6 20. Kh1 Nb6 21. Ne3 h5
22. Qf3 Kd7 23. Bc2 Rab8 24. Qe2 Kc7 25. a4 Nc4 26. Nxc4 bxc4 27. Qd2 a5 28.
Rxb8 Rxb8 29. Qc1 Rb7 30. Qa1 Rb8 31. Qa2 Rb7 32. Bd1 Kd8 33. Rf2 Kc7 34. Rb2
Rxb2 35. Qxb2 Qh4 36. g3 Qe7 37. h4 Qf8 38. Kh2 Qe7 39. Kg2 Qf8 40. Kf2 Qe7 41.
Ke1 Qf8 42. Kd2 Qe7 43. Kc1 Qf8 44. Kb1 Qe7 45. Ka2 Qf8 46. Qa3 Qxa3+ 47. Kxa3
Kd7 1/2-1/2

[Event "Wch Juvenil 2010 sub10"]
[Site "Porto Carras GRE"]
[Date "2010.10.26"]
[Round "7.8"]
[White "Tin, Jingyao"]
[Black "Panchanatham, Vignesh"]
[Result "1-0"]
[WhiteElo "1828"]
[BlackElo "1803"]
[PlyCount "165"]
[EventDate "2010.10.20"]
[EventType "swiss"]
[EventRounds "11"]
[EventCountry "GRE"]
[Source "lmi"]
[SourceDate "2010.10.20"]

1. d4 Nf6 2. c4 g6 3. Nc3 Bg7 4. e4 d6 5. h3 O-O 6. Nf3 e5 7. d5 Na6 8. Bg5 h6
9. Be3 Nc5 10. Nd2 a5 11. Be2 Bd7 12. b3 Nh7 13. g4 Qe8 14. Rg1 c6 15. Nf1 Rc8
16. Qd2 cxd5 17. exd5 Ng5 18. Bxg5 hxg5 19. Qxg5 e4 20. Qd2 e3 21. Nxe3 Ne4 22.
Nxe4 Bxa1 23. Qd3 Qe5 24. Kd2 Rfe8 25. Bf3 b5 26. g5 bxc4 27. Nxc4 Qf4+ 28. Qe3
Be5 29. Nf6+ Kh8 30. Qxf4 Bxf4+ 31. Kd1 Re7 32. Nxd7 Rxd7 33. Bg4 Rdc7 34. Bxc8
Rxc8 35. Rg4 Bh2 36. Re4 Rc5 37. Rd4 Kg7 38. Ke2 f6 39. h4 Be5 40. Nxe5 fxe5
41. Rd2 Rc3 42. f3 Kf7 43. Kf2 Kg7 44. Kg3 e4 45. Rf2 Rd3 46. Kf4 exf3 47. Ke4
Rd1 48. Rxf3 Rh1 49. Rf4 Rh2 50. Kd3 Rxa2 51. Ra4 Rb2 52. Kc3 Rh2 53. Rxa5 Rxh4
54. Ra7+ Kf8 55. Rd7 Rg4 56. Rxd6 Rxg5 57. b4 Ke7 58. Re6+ Kd7 59. Kc4 Rg1 60.
Kc5 Rc1+ 61. Kb6 Rd1 62. Rxg6 Rxd5 63. b5 Rd1 64. Kb7 Rb1 65. b6 Rb2 66. Kb8
Rb1 67. b7 Rb2 68. Ra6 Rb1 69. Ra2 Kc6 70. Rc2+ Kd7 71. Ra2 Kc6 72. Ka8 Rxb7
73. Rc2+ Kb6 74. Rb2+ Ka6 75. Rxb7 Ka5 76. Kb8 Ka6 77. Kc7 Ka5 78. Kc6 Ka4 79.
Kc5 Ka3 80. Kc4 Ka2 81. Kc3 Ka1 82. Kc2 Ka2 83. Ra7# 1-0

[Event "Wch Juvenil 2010 sub10"]
[Site "Porto Carras GRE"]
[Date "2010.10.26"]
[Round "7.9"]
[White "Trjapishko, Alexandr"]
[Black "Koziol, Kamil"]
[Result "1-0"]
[WhiteElo "1931"]
[BlackElo "1714"]
[PlyCount "123"]
[EventDate "2010.10.20"]
[EventType "swiss"]
[EventRounds "11"]
[EventCountry "GRE"]
[Source "lmi"]
[SourceDate "2010.10.20"]

1. b3 e5 2. Bb2 Nc6 3. e3 d5 4. Bb5 Bd6 5. f4 Qe7 6. Nf3 f6 7. Bxc6+ bxc6 8.
fxe5 fxe5 9. Nxe5 Qg5 10. Nf3 Qh6 11. O-O Nf6 12. Be5 O-O 13. Bxd6 cxd6 14. Nc3
Ng4 15. Qe2 a5 16. Rae1 Ba6 17. d3 Rae8 18. Nd1 c5 19. h3 Nf6 20. Qd2 Bc8 21.
Nf2 Re7 22. Qxa5 Rxe3 23. Rxe3 Qxe3 24. Qd2 d4 25. Re1 Qxd2 26. Nxd2 Nd5 27.
Nc4 Nb4 28. Nxd6 Nxa2 29. Re5 Rd8 30. Nfe4 c4 31. bxc4 Nb4 32. Rb5 Nc6 33. Rb6
Bd7 34. Kf2 Kf8 35. Ke2 Ke7 36. Rb7 Ke6 37. Rc7 Ne5 38. Nb7 Rb8 39. Nbc5+ Ke7
40. Nxd7 Nxd7 41. Nc5 Rd8 42. Rxd7+ Rxd7 43. Nxd7 Kxd7 44. Kf3 Kd6 45. Ke4 Kc5
46. Ke5 h6 47. Ke4 g6 48. g3 h5 49. h4 Kc6 50. Kxd4 Kd6 51. c5+ Kc6 52. Kc4 Kc7
53. d4 Kc6 54. d5+ Kc7 55. c6 Kb6 56. Kd4 Kc7 57. Kc5 Kc8 58. Kd6 Kd8 59. c7+
Kc8 60. Kc6 g5 61. d6 gxh4 62. d7# 1-0

[Event "Wch Juvenil 2010 sub10"]
[Site "Porto Carras GRE"]
[Date "2010.10.26"]
[Round "7.10"]
[White "Tran, Minh Thang"]
[Black "Drozdowski, Konrad"]
[Result "0-1"]
[WhiteElo "2018"]
[BlackElo "1769"]
[PlyCount "78"]
[EventDate "2010.10.20"]
[EventType "swiss"]
[EventRounds "11"]
[EventCountry "GRE"]
[Source "lmi"]
[SourceDate "2010.10.20"]

1. d4 d5 2. Bf4 Nf6 3. e3 c5 4. dxc5 e6 5. b4 a5 6. c3 b6 7. Qa4+ Bd7 8. Bb5
bxc5 9. Bxb8 Rxb8 10. Bxd7+ Qxd7 11. Qxd7+ Nxd7 12. bxa5 Ra8 13. Nd2 Rxa5 14.
Ne2 Be7 15. O-O O-O 16. Rfb1 Ra7 17. Nf3 Bf6 18. g4 g6 19. g5 Bg7 20. Nd2 Rfa8
21. Rb2 Ne5 22. f4 Nd3 23. Rc2 Nb4 24. Rb2 Nxa2 25. Rab1 Bxc3 26. Rb8+ Kg7 27.
Nf3 Bb4 28. Rb6 Ra3 29. Kf2 Nc3 30. Nxc3 Rxc3 31. Ne5 Rc2+ 32. Kf3 Bc3 33. Ng4
d4 34. Rc6 dxe3 35. Rxc5 e2 36. Ne3 Rb2 37. Rxb2 e1=Q 38. Re2 Qh1+ 39. Ng2 Bd4
0-1

[Event "Wch Juvenil 2010 sub10"]
[Site "Porto Carras GRE"]
[Date "2010.10.27"]
[Round "8.2"]
[White "Puranik, Abhimanyu"]
[Black "Tin, Jingyao"]
[Result "1/2-1/2"]
[WhiteElo "1790"]
[BlackElo "1828"]
[PlyCount "58"]
[EventDate "2010.10.20"]
[EventType "swiss"]
[EventRounds "11"]
[EventCountry "GRE"]
[Source "lmi"]
[SourceDate "2010.10.20"]

1. e4 c5 2. Nf3 d6 3. d4 cxd4 4. Nxd4 Nf6 5. Nc3 a6 6. f4 e6 7. Be2 Be7 8. O-O
Qc7 9. g4 Nc6 10. Be3 Nxd4 11. Bxd4 e5 12. Be3 exf4 13. Bxf4 Be6 14. Qd4 h6 15.
Nd5 Bxd5 16. exd5 O-O 17. c3 Nd7 18. Rf3 Bf6 19. Qd2 Ne5 20. Rf2 Bh4 21. Rg2 f6
22. Rf1 Bg5 23. Bxg5 fxg5 24. Rgf2 Ng6 25. Rxf8+ Rxf8 26. Rxf8+ Kxf8 27. Qe3
Nf4 28. Bf3 Qe7 29. Qxe7+ Kxe7 1/2-1/2

[Event "Wch Juvenil 2010 sub10"]
[Site "Porto Carras GRE"]
[Date "2010.10.27"]
[Round "8.4"]
[White "Lagunow, Raphael"]
[Black "Petrov, Martin"]
[Result "1-0"]
[WhiteElo "1623"]
[BlackElo "1858"]
[PlyCount "76"]
[EventDate "2010.10.20"]
[EventType "swiss"]
[EventRounds "11"]
[EventCountry "GRE"]
[Source "lmi"]
[SourceDate "2010.10.20"]

1. Nf3 Nf6 2. g3 c5 3. Bg2 d5 4. O-O g6 5. d3 Bg7 6. Nbd2 O-O 7. e4 Nc6 8. c3
Qc7 9. Qe2 dxe4 10. dxe4 h6 11. Nh4 e5 12. f4 exf4 13. gxf4 Re8 14. a4 Qe7 15.
Re1 Bd7 16. Nhf3 Be6 17. e5 Nh5 18. Ne4 Na5 19. Be3 Nb3 20. Rad1 a6 21. Nd6
Reb8 22. Nd2 Nxd2 23. Rxd2 b6 24. Bxa8 Rxa8 25. f5 Bxe5 26. fxe6 Bxd6 27. exf7+
Kh7 28. Qf2 Qc7 29. Bxh6 Kxh6 30. Re8 Ra7 31. Rxd6 Qxf7 32. Qxf7 Rxf7 33. Ree6
Nf4 34. Rf6 Rxf6 35. Rxf6 Nd5 36. Rd6 Ne3 37. Rxb6 Nc4 38. Rxa6 Nxb2 1-0

[Event "Wch Juvenil 2010 sub10"]
[Site "Porto Carras GRE"]
[Date "2010.10.27"]
[Round "8.5"]
[White "Djordjevic, Vuk"]
[Black "Xiong, Jeffrey"]
[Result "0-1"]
[WhiteElo "1826"]
[BlackElo "1824"]
[PlyCount "66"]
[EventDate "2010.10.20"]
[EventType "swiss"]
[EventRounds "11"]
[EventCountry "GRE"]
[Source "lmi"]
[SourceDate "2010.10.20"]

1. e4 c5 2. Nc3 Nc6 3. f4 g6 4. Nf3 Bg7 5. Bc4 e6 6. O-O Nge7 7. Qe1 O-O 8. e5
d6 9. exd6 Qxd6 10. d3 Nf5 11. Ne4 Qe7 12. c3 b6 13. Be3 Nxe3 14. Qxe3 Bd7 15.
Kh1 Na5 16. Ne5 Be8 17. Rae1 f6 18. Nf3 Nxc4 19. dxc4 Bc6 20. Ng3 Rae8 21. Rf2
Bh6 22. Nh4 Qc7 23. Qe2 Bxf4 24. Qg4 e5 25. Ngf5 Bg5 26. Ne3 Rd8 27. Nf3 Bxe3
28. Rxe3 f5 29. Qh4 Bxf3 30. Rexf3 e4 31. Rf4 Qe5 32. h3 Rd1+ 33. Kh2 e3 0-1

[Event "Wch Juvenil 2010 sub10"]
[Site "Porto Carras GRE"]
[Date "2010.10.27"]
[Round "8.6"]
[White "Ghanbarzadeh, Reza"]
[Black "Trjapishko, Alexandr"]
[Result "1-0"]
[WhiteElo "1804"]
[BlackElo "1931"]
[PlyCount "67"]
[EventDate "2010.10.20"]
[EventType "swiss"]
[EventRounds "11"]
[EventCountry "GRE"]
[Source "lmi"]
[SourceDate "2010.10.20"]

1. e4 b6 2. d4 Bb7 3. Bd3 e6 4. Nf3 d6 5. O-O Nd7 6. c4 c5 7. d5 e5 8. Nc3 a6
9. Ne1 Ne7 10. g3 g6 11. f4 exf4 12. Bxf4 Qc7 13. Qf3 O-O-O 14. a4 Bg7 15. a5
bxa5 16. Nc2 Rhf8 17. Ra3 Ne5 18. Qe2 h6 19. Rfa1 f5 20. Rxa5 Nxd3 21. Qxd3 g5
22. Be3 f4 23. Bf2 Ng6 24. Rxa6 Bxa6 25. Rxa6 Ne5 26. Qd1 Qb7 27. Qa1 Rd7 28.
Ra8+ Qb8 29. Qa6+ Rb7 30. Rxb8+ Kxb8 31. Qxd6+ Ka8 32. Bxc5 Rxb2 33. Qa6+ Kb8
34. Bd6# 1-0